Polskie miasta na G według podpowiedzi - Statystyki

Ogólne statystyki
  • Ten quiz został rozwiązany 172 razy
  • Średni wynik to 5 z 10
Statystyki odpowiedzi
Podpowiedź Miasto % Poprawnych
Na początku XX w. było wsią, dziś mieści ważny port morski. Gdynia
98%
Stamtąd pochodzą Artur Schopenhauer i Gabriel Fahrenheit. Gdańsk
78%
Z tego miasta pochodzi klub piłkarski Dyskobolia. Grodzisk Wielkopolski
50%
Wieczorem 31 sierpnia 1939 r. Niemcy przeprowadzili tam prowokację. Gliwice
49%
Klub żużlowy z tego nadwiślańskiego miasta od 2015 jeździ w Ekstralidze. Grudziądz
48%
W 2017 roku miał tam miejsce pożar katedry, a w 2024 r. uczelni. Gorzów Wielkopolski
46%
Most nad Odrą w tym mieście ma różowy kolor. Głogów
40%
Tamtejsze samochody jeżdżą z tablicami z numerami rozpoczynającymi się od WG. Garwolin
37%
Mniejsze miasto słynące z międzynarodowego portu lotniczego leżącego nieopodal. Goleniów
28%
W 1915 r. stoczono w okolicach tego miasta bitwę, w której brali udział zaborcy Polski. Gorlice
20%
Nie znaleziono quizów pasujących do podanych kryteriów
Rozkład punktacji
Procent ludzi z każdym wynikiem
Percentyl według liczby udzielonych odpowiedzi
Twoja historia wyników
Nie rozwiązałeś tego quizu